000 00332nam a22001217a 4500
020 _a0-333-25499-6
082 _a620.1 HUG'B
100 _aMARTIN, K. F, HUGHES, J. H
_975773
245 _aBASIC ENGINEERING MECHANICS ,ENGINEERING MECHANICS MECHANICS-ENGINEERING
260 _aNEW DELHI
_bELBS
_c1986
300 _a364P
942 _cBK
999 _c581172
_d581172